Countries that Capital Cities have Belonged To Since 1500 A-K - Statistics

General Stats
  • This quiz has been taken 47 times
    13 since last reset
  • The average score is 387 of 493
Answer Stats
Capital City Years Countries Symbol % Correct
Andorra la Vella 1278 - Now Andorra
100%
Juba 1899 - 1956 Anglo-Egyptian Sudan
100%
Amman 1919 - 1920 Arab Kingdom of Syria
100%
Damascus 1920 - 1920 Arab Kingdom of Syria
100%
Baku 1991 - Now Azerbaijan
100%
Baghdad 1968 - 2003 Ba'athist Iraq
100%
Damascus 1961 - 2024 Ba'athist Syria
100%
Dhaka 1971 - Now Bangladesh
100%
Belmopan 1973 - 1981 Belize
100%
Canberra 1788 - 1901 British Empire
100%
Dhaka 1757 - 1947 British Empire
100%
Harare 1890 - 1965 British Empire
100%
Islamabad 1849 - 1947 British Empire
100%
Georgetown 1814 - 1966 British Guiana
100%
Belmopan 1783 - 1973 British Honduras
100%
Basseterre 1833 - 1958 British Leeward Islands
100%
Honiara 1917 - 1978 British Solomon Islands
100%
Bridgetown 1625 - 1885 British Windward Islands
100%
Castries 1838 - 1958 British Windward Islands
100%
Havana 1607 - 1898 Captaincy General of Cuba
100%
Havana 1512 - 1607 Captaincy General of Santo Domingo
100%
Caracas 1777 - 1821 Captaincy General of Venezuela
100%
Brasília 1500 - 1815 Colonial Brazil
100%
Abuja 1914 - 1960 Colonial Nigeria
100%
Bridgetown 1885 - 1966 Colony of Barbados
100%
Funafuti 1975 - 1978 Colony of Tuvalu
100%
Accra 1658 - 1850 Danish Gold Coast
100%
Copenhagen 1814 - 1864 Danish Unitary State
100%
Juba 1969 - 1985 Democratic Republic of Sudan
100%
Copenhagen 965 - Now Denmark
100%
Copenhagen 1524 - 1814 Denmark–Norway
100%
Addis Ababa 1974 - 1987 Derg
100%
Asmara 1974 - 1987 Derg
100%
Dakar 1758 - 1815 British Empire (Gorée only)
100%
Castries 1762 - 1838 1962 - 1967 British Empire (intermittent)
100%
Asmara 1941 - 1952 British Military Administration
100%
Basseterre 1623–1833 Colony of St. Christopher and Colony of Nevis
100%
Accra 1821 - 1957 Colony of the Gold Coast
100%
Antananarivo 1975 - 1992 Democratic Republic of Madagascar
100%
Asmara 1952 - 1962 Ethiopian–Eritrean Federation
100%
Addis Ababa 1995 - Now Federal Democratic Republic of Ethiopia
100%
Abuja 1963 - Now Federal Republic of Nigeria
100%
Dakar 1677 - 1804 French Empire (Gorée only)
100%
Banjul 1816 - 1965 Gambia Colony and Protectorate
100%
Castries 1723 - 1756 Kingdom of France and British Empire (intermittent)
100%
Castries 1674 - 1802 Kingdom of France (intermittent)
100%
Amsterdam 1815 - 1839 Kingdom of the Netherlands
100%
Amsterdam 1839 - Now Netherlands
100%
Abuja 1900 - 1914 Northern Nigeria Protectorate
100%
Amman 1917 - 1920 Occupied Enemy Territory Administration
100%
Beirut 1917 - 1920 Occupied Enemy Territory Administration
100%
Belgrade 1526 - 1922 Ottoman Empire (Intermittently)
100%
Algiers 1962 - Now People's Democratic Republic of Algeria
100%
Addis Ababa 1987 - 1991 People's Democratic Republic of Ethiopia
100%
Doha 1516 - 1550 Portuguese Empire
100%
Bissau 1474 - 1974 Portuguese Guinea
100%
Amsterdam 1579 - 1795 Republic of the Seven United Netherlands
100%
Basseterre 1882 - 1983 Saint Christopher -Nevis-Anguilla
100%
Castries 1967 - 1979 Saint Lucia (Associated State)
100%
Dakar 1588 - 1677 Senegambia (Gorée only)
100%
Bucharest 1947 - 1989 Socialist Republic of Romania
100%
Amsterdam 1813 - 1815 Sovereign Principality of the United Netherlands
100%
Antananarivo 1992 - 2010 Third Republic of Madagascar
100%
Addis Ababa 1991 - 1995 Transitional Government of Ethiopia
100%
Brussels 1815 - 1830 United Kingdom of the Netherlands
100%
Brasília 1815 - 1822 United Kingdom of Portugal, Brazil and the Algarves
100%
Bogotá 1717 - 1822 Viceroyalty of New Granada
100%
Asunción 1776 - 1825 Viceroyalty of the Río de la Plata
100%
Buenos Aires 1776 - 1810 Viceroyalty of the Río de la Plata
100%
Dhaka 1947 - 1956 Dominion of Pakistan
100%
Islamabad 1947 - 1956 Dominion of Pakistan
100%
Jakarta 1619 - 1949 Dutch East Indies
100%
Georgetown 1616 - 1814 Dutch Empire
100%
Accra 1649 - 1868 Dutch Gold Coast
100%
Addis Ababa 1270 - 1936 Ethiopian Empire
100%
Addis Ababa 1941 - 1974 Ethiopian Empire
100%
Asmara 1270 - 1936 Ethiopian Empire
100%
Asmara 1941 - 1974 Ethiopian Empire
100%
Abuja 1960 - 1963 Federation of Nigeria
100%
Amsterdam 1804 - 1815 First French Empire
100%
Cairo 1804 - 1815 First French Empire
100%
Brussels 1797 - 1815 France
100%
Algiers 1830 - 1962 French Algeria
100%
Brazzaville 1882 - 1960 French Congo
100%
Dakar 1876 - 1958 French Empire
100%
Conakry 1894 - 1904 French Guinea
100%
Antananarivo 1897 - 1958 French Madagascar
100%
Djibouti 1883 - 1967 French Somaliland
100%
Bamako 1880 - 1958 French Sudan
100%
Djibouti 1967 - 1977 French Territory of the Afars and the Issas
100%
Conakry 1895 - 1958 French West Africa
100%
Dodoma 1907 - 1919 German East Africa
100%
Gitega 1891 - 1916 German East Africa
100%
Honiara 1884 - 1919 German New Guinea
100%
Apia 1900 - 1920 German Samoa
100%
Funafuti 1892 - 1975 Gilbert and Ellice Islands
100%
Helsinki 1809 - 1917 Grand Duchy of Finland
100%
Beirut 1920 - 1943 Greater Lebanon
100%
Athens 1973 - Now Greece
100%
Athens 1967 - 1973 Greek junta
100%
Conakry 1984 - Now Guinea
100%
Brussels 1482 - 1794 Habsburg Netherlands
100%
Jakarta 1950 - Now Indonesia
100%
Baghdad 2004 - Now Iraq
100%
Baghdad 1958 - 1968 Iraqi Republic
100%
Dhaka 1956 - 1971 Islamic Republic of Pakistan
100%
Asmara 1936 - 1941 Italian East Africa
100%
Asmara 1882 - 1936 Italian Eritrea
100%
Cairo 1867 - 1882 Khedivate of Egypt
100%
Djibouti 1874 - 1884 Khedivate of Egypt
100%
Juba 1871 - 1889 Khedivate of Egypt
100%
Cairo 1922 - 1953 Kingdom of Egypt
100%
Athens 1832 - 1924 Kingdom of Greece
100%
Athens 1935 - 1941 Kingdom of Greece
100%
Athens 1944 - 1967 Kingdom of Greece
100%
Baghdad 1932 - 1958 Kingdom of Iraq
100%
Dublin 1542 - 1800 Kingdom of Ireland
100%
Addis Ababa 1936 - 1941 Kingdom of Italy
100%
Bucharest 1881 - 1947 Kingdom of Romania
100%
Chișinău 1918 - 1945 Kingdom of Romania
100%
Bamako 1960 - Now Mali
100%
Bissau 1251 - 1537 Mali Empire
100%
Bamako 1959 - 1960 Mali Federation
100%
Dakar 1960 - 1960 Mali Federation
100%
Jerusalem 1920 - 1948 Mandatory Palestine
100%
Damascus 1930 - 1946 Mandatory Syrian Republic
100%
Chișinău 1940 - 1990 Moldavian Soviet Socialist Republic
100%
Chișinău 1990 - Now Moldova
100%
Damascus 1917 - 1920 Occupied Enemy Territory Administration
100%
Jerusalem 1917 - 1920 Occupied Enemy Territory Administration
100%
Amman 1516 - 1917 Ottoman Empire
100%
Ankara 1299 - 1922 Ottoman Empire
100%
Athens 1299 - 1922 Ottoman Empire
100%
Baghdad 1299 - 1922 Ottoman Empire
100%
Baku 1299 - 1922 Ottoman Empire
100%
Beirut 1516 - 1922 Ottoman Empire
100%
Cairo 1517 - 1867 Ottoman Empire
100%
Chișinău 1514 - 1812 Ottoman Empire
100%
Damascus 1517 - 1917 Ottoman Empire
100%
Djibouti 1577 - 1874 Ottoman Empire
100%
Doha 1550 - 1669 Ottoman Empire
100%
Doha 1872 - 1916 Ottoman Empire
100%
Jerusalem 1516 - 1917 Ottoman Empire
100%
Asmara 1987 - 1991 People's Democratic Republic of Ethiopia
100%
Conakry 1958 - 1984 (People's Revolutionary) Republic of Guinea
100%
Accra 1550 - 1640 Portuguese Empire
100%
Dili 1702 - 1975 Portuguese Timor
100%
Doha 1916 - 1971 Protectorate of Qatar
100%
Hanoi 1887 - 1949 Protectorate of Tonkin
100%
Bogotá 1498 - 1542 Province of Tierra Firme
100%
Antananarivo 2010 - Now Republic of Madagascar
100%
Dakar 1958 - 1960 Republic of Senegal
100%
Dakar 1960 - 1982 Republic of Senegal
100%
Juba 1956 - 1969 Republic of Sudan
100%
Juba 1985 - 2011 Republic of Sudan
100%
Banjul 1970 - Now Republic of The Gambia
100%
Bucharest 1989 - Now Romania
100%
Ashgabat 1721 - 1917 Russian Empire
100%
Baku 1721 - 1917 Russian Empire
100%
Bishkek 1721 - 1917 Russian Empire
100%
Chișinău 1812 - 1918 Russian Empire
100%
Dushanbe 1877 - 1920 Russian Turkestan
100%
Castries 1979 - Now Saint Lucia
100%
Dakar 1989 - Now Senegal
100%
Dakar 1982 - 1989 Senegambia Confederation
100%
Freetown 1808 - 1961 Sierra Leone Colony and Protectorate
100%
Ashgabat 1922 - 1991 Soviet Union
100%
Baku 1922 - 1991 Soviet Union
100%
Bishkek 1924 - 1991 Soviet Union
100%
Guatemala City 1524 - 1821 Spanish Empire
100%
Brussels 1556 - 1713 Spanish Netherlands
100%
Damascus 1925 - 1930 State of Syria
100%
Bamako 1958 - 1960 Sudanese Republic
100%
Cairo 1914 - 1922 Sultanate of Egypt
100%
Damascus 1946 - 1958 Syrian Republic
100%
Dushanbe 1924 - 1929 Tajik Autonomous Soviet Socialist Republic
100%
Dushanbe 1929 - 1991 Tajik Soviet Socialist Republic
100%
Dodoma 1919 - 1961 Tanganyika Territory
100%
Dodoma 1964 - Now Tanzania
100%
Dili 2002 - Now Timor-Leste
100%
Dili 1975 - 1999 Timor Timur
100%
Dushanbe 1920 - 1924 Turkestan Autonomous Soviet Socialist Republic
100%
Ankara 1922 - Now Turkey
100%
Ashgabat 1991 - Now Turkmenistan
100%
Bangui 1903 - 1960 Ubangi-Shari
100%
Abu Dhabi 1971 - Now United Arab Emirates
100%
Caracas 1717 - 1777 Viceroyalty of New Granada
100%
Caracas 1521 - 1717 Viceroyalty of New Spain
100%
Bogotá 1542 - 1824 Viceroyalty of Peru
100%
Buenos Aires 1542 - 1776 Viceroyalty of Peru
100%
Basseterre 1958 - 1962 West Indies Federation
100%
Bridgetown 1958 - 1962 West Indies Federation
100%
Castries 1958 - 1962 West Indies Federation
100%
Berlin 1945 - 1949 Allied-occupied Germany
88%
Buenos Aires 1861 - Now Argentina
88%
Bratislava 1867 - 1918 Austria-Hungary
88%
Bratislava 1804 - 1867 Austrian Empire
88%
Bridgetown 1966 - Now Barbados
88%
Gaborone 1885 - 1966 Bechuanaland Protectorate
88%
Gitega 1916 - 1922 Belgian Empire
88%
Brussels 1830 - Now Belgium
88%
Belmopan 1981 - Now Belize
88%
Dhaka 1717 - 1757 Bengal Subah
88%
Dhaka 1352 - 1576 Bengal Sultanate
88%
Gaborone 1966 - Now Botswana
88%
Bandar Seri Begawan 1984 - Now Brunei
88%
Gitega 1966 - Now Burundi
88%
Bangui 1958 - 1976 Central African Republic
88%
Bangui 1979 - Now Central African Republic
88%
Bogotá 1886 - Now Colombia
88%
Dublin 1653 - 1659 Commonwealth of England
88%
Caracas 1811 - 1812 Confederation of Venezuela
88%
Havana 1959 - Now Cuba
88%
Bratislava 1918 - 1939 Czechoslovak Republic
88%
Bratislava 1945 - 1948 Czechoslovak Republic
88%
Bratislava 1948 - 1960 Czechoslovak Republic
88%
Hanoi 1945 - 1976 Democratic Republic of Vietnam
88%
Baku 1918 - 1920 Azerbaijan Democratic Republic
88%
Baku 1920 - 1922 Azerbaijan Soviet Socialist Republic
88%
Baghdad 2003 - 2004 Coalition Provisional Authority
88%
Bratislava 1990 - 1992 Czech and Slovak Federative Republic
88%
Belgrade 1943 - 1945 Democratic Federal Yugoslavia
88%
Kabul 1978 - 1987 Democratic Republic of Afghanistan
88%
Belgrade 1941 - 1944 German-Occupied Serbia
88%
Belgrade 1686 - 1699 Habsburg-occupied Serbia
88%
Amman 1946 - Now Hashemite Kingdom of Jordan
88%
Budapest 1918 - 1919 Hungarian People's Republic
88%
Kabul 1996 - 2001 Islamic Emirate of Afghanistan
88%
Kabul 2021 - Now Islamic Emirate of Afghanistan
88%
Kabul 2004 - 2021 Islamic Republic of Afghanistan
88%
Kabul 1992 - 1996 Islamic State of Afghanistan
88%
Budapest 1867 - 1918 Lands of the Crown of Saint Stephen
88%
Belgrade 1916 - 1918 Military General Governorate of Serbia
88%
Beijing 1949 - Now People's Republic of China
88%
Brazzaville 1969 - 1992 People's Republic of the Congo
88%
Dakar 1444 - 1645 Portugal (Gorée only)
88%
Bern 1815 - 1848 Restored Swiss Confederation
88%
Belgrade 1945 - 1992 Socialist Federal Republic of Yugoslavia
88%
Caracas 1830 - 1864 State of Venezuela / Republic of Venezuela
88%
Kabul 2002 - 2004 Transitional Islamic State of Afghanistan
88%
Bucharest 1859 - 1881 United Principalities of Moldavia and Wallachia
88%
Djibouti 1977 - Now Djibouti
88%
Accra 1957 - 1960 Dominion of Ghana
88%
Islamabad 1750 - 1802 Durrani Empire
88%
Budapest 1526 - 1570 Eastern Hungarian Kingdom
88%
Berlin 1949 - 1990 East Germany
88%
Cairo 1953 - 1958 Egypt
88%
Cairo 1971 - Now Egypt
88%
Kabul 1929 - 1929 Emirate of Afghanistan
88%
Algiers 1470 - 1527 Emirate of Algiers
88%
Bandar Seri Begawan 1942 - 1945 Empire of Japan
88%
Hanoi 1940 - 1944 Empire of Japan
88%
Jakarta 1942 - 1945 Empire of Japan
88%
Astana 1991 - Now Eritrea
88%
Guatemala City 1823 - 1839 Federal Republic of Central America
88%
Helsinki 1917 - Now Finland
88%
Athens 1822 - 1832 First Hellenic Republic
88%
Berlin 1871 - 1918 German Empire
88%
Berlin 1990 - Now Germany
88%
Beijing 1646 - 1912 Great Qing
88%
Bishkek 1646 - 1912 Great Qing
88%
Guatemala City 1839 - Now Guatemala
88%
Athens 1941 - 1944 Hellenic State
88%
Budapest 1949 - 1989 Hungarian People's Republic
88%
Budapest 1919 - 1920 Hungarian Republic
88%
Budapest 1946 - 1949 Hungarian Republic
88%
Budapest 2012 - Now Hungary
88%
Dublin 1937 - Now Ireland
88%
Kabul 2001 - 2002 Islamic State of Afghanistan
88%
Jerusalem 1948 - Now Israel
88%
Jerusalem 1948 - 1967 (East) Jordan
88%
Kabul 1926 - 1973 Kingdom of Afghanistan
88%
Gitega ? - 1890 Kingdom of Burundi
88%
Gitega 1962 - 1966 Kingdom of Burundi
88%
Belgrade 1301 - 1526 Kingdom of Hungary
88%
Bratislava 1000 - 1804 Kingdom of Hungary
88%
Budapest 1000 - 1526 Kingdom of Hungary
88%
Budapest 1526 - 1867 Kingdom of Hungary
88%
Budapest 1920 - 1946 Kingdom of Hungary
88%
Apia ? - 1899 Kingdom of Samoa
88%
Belgrade 1718 - 1739 Kingdom of Serbia
88%
Belgrade 1882 - 1918 Kingdom of Serbia
88%
Belgrade 1918 - 1941 Kingdom of Yugoslavia
88%
Belgrade 1788 - 1791 Koča's Frontier
88%
Bishkek 1842 - 1854 Kyrgyz Khanate
88%
Bishkek 1991 - Now Kyrgyzstan
88%
Juba 1894 - 1910 Lado Enclave
88%
Beirut 1943 - Now Lebanon
88%
Amman 1250 - 1517 Mamluk Sultanate
88%
Beirut 1250 - 1517 Mamluk Sultanate
88%
Cairo 1250 - 1517 Mamluk Sultanate
88%
Damascus 1250 - 1516 Mamluk Sultanate
88%
Jerusalem 1250 - 1516 Mamluk Sultanate
88%
Baghdad 1921 - 1932 Mandatory Iraq
88%
Beijing 1368 - 1644 Ming Empire
88%
Chișinău 1359 - 1514 Moldavia
88%
Berlin 1933 - 1945 Nazi Germany
88%
Bern 1291 - 1798 Old Swiss Confederacy
88%
Islamabad 1956 - Now Pakistan
88%
Jerusalem 1988 - Now (East) Palestine
88%
Asunción 1825 - Now Paraguay
88%
Belgrade 1815 - 1882 Principality of Serbia
88%
Bandar Seri Begawan 1888 - 1942 Protectorate of Brunei
88%
Bandar Seri Begawan 1945 - 1984 Protectorate of Brunei
88%
Havana 1906 - 1909 Provisional Government of Cuba
88%
Baku 1789 - 1925 Qajar Empire
88%
Bangkok 1782 - 1932 Rattanakosin Kingdom
88%
Algiers 1516 - 1830 Regency of Algiers
88%
Kabul 1973 - 1978 Republic of Afghanistan
88%
Kabul 1987 - 1992 Republic of Afghanistan
88%
Havana 1902 - 1959 Republic of Cuba
88%
Accra 1960 - Now Republic of Ghana
88%
Budapest 1989 - 2012 Republic of Hungary
88%
Brazzaville 1960 - 1969 Republic of the Congo
88%
Brazzaville 1992 - Now Republic of the Congo
88%
Caracas 1813 - 1814 Republic of Venezuela
88%
Caracas 1953 - 1999 Republic of Venezuela
88%
Belgrade 1804 - 1813 Revolutionary Serbia
88%
Harare 1965 - 1979 Rhodesia
88%
Gitega 1922 - 1946 Ruanda-Urundi
88%
Apia 1962 - Now Samoa
88%
Athens 1924 - 1935 Second Hellenic Republic
88%
Belgrade 2006 - Now Serbia
88%
Belgrade 1992 - 2006 Serbia and Montenegro
88%
Freetown 1961 - 1971 Sierra Leone
88%
Freetown 1971 - Now Sierra Leone
88%
Bratislava 1992 - Now Slovakia
88%
Bratislava 1939 - 1945 Slovak Republic
88%
Hanoi 1949 - 1955 State of Vietnam
88%
Bandar Seri Begawan 1368 - 1888 Sultanate of Brunei
88%
Bern 1848 - 1939 Swiss Confederacy
88%
Bern 1803 - 1815 Swiss Confederation
88%
Bern 1939 - Now Switzerland
88%
Damascus 2024 - 2025 Syrian Caretaker Government
88%
Damascus 2025 - Now Syrian Transitional Government
88%
Dushanbe 1991 - Now Tajikistan
88%
Bangkok 1932 - Now Thailand
88%
Banjul 1965 - 1970 The Gambia
88%
Caracas 1817 - 1819 Third Republic of Venezuela
88%
Abu Dhabi 1820 - 1971 Trucial States
88%
Gitega 1946 - 1962 Trust Territory of Ruanda-Urundi
88%
Dublin 1801 - 1922 United Kingdom of Great Britain and Ireland
88%
Dodoma 1964 - 1964 United Republic of Tanganyika and Zanzibar
88%
Havana 1898 - 1902 United States Military Government in Cuba
88%
Bogotá 1863 - 1886 United States of Colombia
88%
Caracas 1864 - 1953 United States of Venezuela
88%
Caracas 1999 - Now Venezuela
88%
Hanoi 1976 - Now Vietnam
88%
Berlin 1949 - 1990 West Germany
88%
Harare 1980 - Now Zimbabwe
88%
Harare 1979 - 1980 Zimbabwe Rhodesia
88%
Canberra 1901 - Now Australia
75%
Berlin 1618 - 1701 Brandenburg–Prussia
75%
Brasília 1985 - Now Brazil
75%
Bangui 1976 - 1979 Central African Empire
75%
Georgetown 1970 - Now Co-operative Republic of Guyana
75%
Cairo 1882 - 1914 British Empire (Occupied)
75%
Dakar 1664 - 1667 England (Gorée only)
75%
Berlin 1866 - 1871 North German Confederation
75%
Abu Dhabi 1793 - 1820 Emirate of Abu Dhabi
75%
Dushanbe 1785 - 1877 Emirate of Bukhara
75%
Amman 1921 - 1946 Emirate of Trans-Jordan
75%
Brasília 1822 - 1889 Empire of Brazil
75%
Brasília 1964 - 1985 Federative Republic of Brazil
75%
Bogotá 1819 - 1831 Gran Colombia
75%
Caracas 1821 - 1830 Gran Colombia
75%
Bissau 1974 - Now Guinea-Bissau
75%
Georgetown 1966 - 1970 Guyana
75%
Copenhagen 1397 - 1523 Kalmar Union
75%
Helsinki 1397 - 1523 Kalmar Union
75%
Bishkek 1501 - 1785 Khanate of Bukhara
75%
Dushanbe 1501 - 1785 Khanate of Bukhara
75%
Amsterdam 1806 - 1810 Kingdom of Holland
75%
Berlin 1701 - 1918 Kingdom of Prussia
75%
Dublin 1177 - 1542 Lordship of Ireland
75%
Guatemala City 1822 - 1823 Mexican Empire
75%
Brasília 1889 - 1946 Republic of the United States of Brazil
75%
Juba 2011 - Now South Sudan
75%
Accra 1650 - 1663 Swedish Gold Coast
75%
Dodoma 1961 - 1964 Tanganyika
75%
Funafuti 1978 - Now Tuvalu
75%
Cairo 1958 - 1971 United Arab Republic
75%
Damascus 1958 - 1961 United Arab Republic
75%
Brasília 1946 - 1964 United States of Brazil
75%
Berlin 1918 - 1933 Weimar Republic
75%
Doha 1850 - 1872 Al-Thanis
63%
Bratislava 1960 - 1990 Czechoslovakia
63%
Berlin 1157 - 1815 Margraviate of Brandenburg
63%
Beijing 1912 - 1928 Republic of China (Beiyang)
63%
Ashgabat 1918 - 1924 Turkestan Autonomous Soviet Socialist Republic
63%
Bern 1798 - 1803 Helvetic Republic
63%
Ashgabat 1511 - 1873 Khanate of Khiva
63%
Brazzaville 1390 - 1914 Kingdom of Kongo
63%
Antananarivo 1882 - 1897 Malagasy Protectorate
63%
Antananarivo 1958 - 1975 Malagasy Republic
63%
Doha 1971 - Now Qatar
63%
Beijing 1928 - 1948 Republic of China (Nationalist)
63%
Baghdad 1501 - 1736 Safavid Empire
63%
Baku 1501 - 1736 Safavid Empire
63%
Kabul 1623 - 1653 Safavid Empire
63%
Basseterre 1983 - Now Saint Kitts and Nevis
63%
Dublin 1922 - 1937 Saorstát Éireann
63%
Honiara 1978 - Now Solomon Islands
63%
Amsterdam 1556 - 1741 Spanish Netherlands
63%
Helsinki 1210 - 1809 Sweden
63%
Havana <1000 BC - 1512 Taíno
63%
Bishkek 1918 - 1924 Turkestan Autonomous Soviet Socialist Republic
63%
Ashgabat 1917 - 1918 Turkestan Autonomy
63%
Bishkek 1917 - 1918 Turkestan Autonomy
63%
Bucharest 1330 - 1859 Wallachia
63%
Brussels 1713 - 1797 Austrian Netherlands
50%
Amsterdam 1795 - 1806 Batavian Republic / Batavian Commonwealth
50%
Kabul 1839 - 1842 Durrani Empire (Disputed)
50%
Apia 1920 - 1962 Territory of Western Samoa
50%
Buenos Aires 1810 - 1831 United Provinces of the Río de la Plata
50%
Amsterdam 1482 - 1797 Habsburg Netherlands
50%
Dhaka 1576 - 1717 Mughal Empire
50%
Islamabad 1526 - 1750 Mughal Empire
50%
Kabul 1504 - 1709 Mughal Empire
50%
Doha 1815 - 1850 Sheikhdom of Bahrain
50%
Dili 1999 - 2002 United Nations Transitional Administration in East Timor
50%
Accra 1600 - 1730 Akwamu
38%
Baghdad 1958 - 1958 Arab Federation
38%
Buenos Aires 1831 - 1861 Argentine Confederation
38%
Kabul 1823 - 1839 Barakzai Dynasty
38%
Kabul 1842 - 1855 Barakzai Dynasty (Emirate of Kabul)
38%
Kabul 1839 - 1842 Barakzai Dynasty (Disputed)
38%
Bogotá 1831 - 1858 State of New Granada / Republic of New Granada
38%
Baku 1918 - 1918 Transcaucasian Democratic Federative Republic
38%
Algiers 1235 - 1556 Zayyanid Kingdom of Tlemcen
38%
Antananarivo 1540 - 1882 Merina Kingdom
38%
Islamabad 1802 - 1849 Sikh Empire
38%
Damascus 1920 - 1924 State of Damascus
38%
Baghdad 1378 - 1503 Aq Qoyunlu
25%
Baku 1378 - 1503 Aq Qoyunlu
25%
Hanoi 1804 - 1887 Đại Việt Nam Quốc
25%
Doha 1796 - 1815 Emirate of Diriyah
25%
Budapest 1919 - 1919 Hungarian Soviet Republic
25%
Bogotá 800 - 1540 Muisca Confederation
25%
Kabul 1738 - 1747 Afsharid Dynasty
13%
Baku 1736 - 1796 Afsharid Empire
13%
Georgetown <1000 BC - 1616 Arawak
13%
Bangkok 1351 - 1767 Ayutthaya Kingdom
13%
Kabul 1855 - 1926 Barakzai Dynasty (Emirate of Afghanistan)
13%
Hanoi 1427 - 1804 Đại Việt
13%
Bishkek 1634 - 1758 Dzungar Khanate
13%
Dakar ~1350 - 1549 Jolof Empire
13%
Castries 800 - 1674 Kalinago
13%
Bishkek 1465 - 1847 Kazakh Khanate
13%
Bamako 1235 - 1670 Mali Empire
13%
Abuja 1804 - 1900 Sokoto Caliphate
13%
Bamako 1430 - 1591 Songhai Empire
13%
Dhaka 1539 - 1554 Sur Empire
13%
Islamabad 1540 - 1556 Sur Empire
13%
Kabul 1540 - 1545 Sur Empire
13%
Ashgabat 1370 - 1507 Timurid Empire
13%
Baghdad 1370 - 1507 Timurid Empire
13%
Bishkek 1370 - 1507 Timurid Empire
13%
Dushanbe 1370 - 1500 Timurid Empire
13%
Kabul 1398 - 1504 Timurid Empire
13%
Jakarta 1949 - 1950 United States of Indonesia
13%
Djibouti 1415 - 1577 Adal Sultanate
0%
Kabul 1501 - 1504 Arghun Dynasty
0%
Juba 1500s - 1900s Azande / Avongara
0%
Baku 1747 - 1806 Baku Khanate
0%
Bamako 1712 - 1861 Bamana Empire
0%
Doha 1669 - 1796 Bani Khalid Emirate
0%
Jakarta 1579 - 1619 Banten Sultanate
0%
Caracas ? - 1521 Caribs
0%
Canberra ? - 1788 Ngunnawal / Nyamudy
0%
Kabul 1747 - 1823 Durrani Empire
0%
Bogotá 1858 - 1863 Granadine Confederation
0%
Kabul 1709 - 1738 Hotak Dynasty
0%
Doha 1417 - 1516 Jabrids Emirate
0%
Bissau 1537 - 1867 Kaabu
0%
Islamabad ~ 1400s - 1526 Khokhars
0%
Guatemala City ~1300 - 1524 Kʼicheʼ / Kaqchikel
0%
Bangkok 1802 - 1899 Kingdom of Chiang Mai
0%
Dakar 1549 - 1876 Kingdom of Kajoor
0%
Brazzaville 1400 - 1885 Kingdom of Kakongo
0%
Freetown 1505 - 1808 Kingdom of Koya
0%
Harare 1430 - 1760 Kingdom of Mutapa
0%
Banjul ? - 1816 Kombo
0%
Harare 1840 - 1894 Mthwakazi
0%
Buenos Aires 850 - 1667 Quilmes
0%
Harare 1660 - 1889 Rozvi Empire
0%
Beijing 1644 - 1646 Shun Dynasty
0%
Jakarta 669 - 1579 Sunda Kingdom
0%
Bangkok 1767 - 1782 Thonburi Kingdom
0%
Bamako 1852 - 1893 Toucouleur Empire
0%
Funafuti ? - 1892 Tuʻi Manuʻa Confederacy
0%
Dodoma 1800~ - 1907 Ugogo
0%
Dili 1490 - 1702 Wehali
0%
No matching quizzes found
Score Distribution
Percent of People with Each Score
Percentile by Number Answered
Your Score History
You have not taken this quiz since the last reset